Washington'da akrobasi (Record no. 5212)

MARC details
000 -BAŞLIK
Sabit Uzunlukta Kontrol Alanı 00684na a2200253 4500
001 - KONTROL NUMARASI
Denetim Alanı 19071
003 - KONTROL NUMARASI IDENTIFIER
Denetim Alanı MIRAKIL
005 - SON İŞLEM TARİHİ VE ZAMANI
Denetim Alanı 20181213155030.0
008 - SABİT-BOY VERİ ELEMANLARI - GENEL BİLGİLER
Sabit Uzunlukta Kontrol Alanı 161208b tu 000 0
020 ## - ULUSLARARASI STANDART KİTAP NUMARASI
Uluslararası Standart Kitap Numarası 975604702X
035 ## - SİSTEM KONTROL NUMARASI
Sistem Kontrol Numarası 13440
040 ## - KATALOGLAMA KAYNAK
Orijinal Kataloglama Ajansı Milas
Kataloglama Dili tur
Metne Dönüştürmek Ajansı TR-AnCHP
041 ## - DİL KODU
Metin / Ses Parça Veya Ayrı Başlığın Dil Kodu tur
082 ## - DEWEY ONLU SINIFLANDIRMA NUMARASI
Sınıflandırma Numarası 327.73
Ürün Numarası P64w [2005]
090 ## - SINIFLAMA NUMARASI
Sınıflama Numarası 327.73 P64w [2005]
100 ## - ANA GİRİŞ - KİŞİSEL İSİM
Kişisel Ad Polat, Yılmaz
245 ## - BAŞLIK TABLOSU
Başlık Washington'da akrobasi
Sorumluluk Tablosu, Vb Yılmaz Polat
260 ## - YAYIN, DAĞITIM, VB
Yayın, Dağıtım, Vb Yeri Ankara
Yayıncı, Dağıtıcı, Vs Adı Ulus Dağı Yayınları
Yayın, Dağıtım, Vb Tarihi [2005]
300 ## - FİZİKSEL TANIM
Kapsam 197, [4] s.
Boyutlar 20 sm.
651 ## - KONU KATMA GİRİŞ - COĞRAFİ ADI
Coğrafi İsim ABD
Genel Alt Bölümü Dış politika
651 ## - KONU KATMA GİRİŞ - COĞRAFİ ADI
Coğrafi İsim Türkiye
Genel Alt Bölümü Dış ilişkiler
Coğrafi Alt Bölümü ABD
651 ## - KONU KATMA GİRİŞ - COĞRAFİ ADI
Coğrafi İsim ABD
Genel Alt Bölümü Dış ilişkiler
Coğrafi Alt Bölümü Türkiye
942 ## - EKLENDİ GİRİŞ ELEMANLARI (KOHA)
Sınıflandırma Veya Raf Düzeni Kaynak
Koha Öğesi Türü Books
999 ## - SİSTEM KONTROL NUMARALARI (KOHA)
Koha Biblionumber 5212
Koha Biblioitemnumber 5212
Holdings
Kalıcı Konum Mevcut Konum Edinme Tarihi Edinim Kaynak Toplam Check-Out'Lar Tam Çağrı Numarası Barkod Tarih Son Görülme İtibaren Geçerli Fiyatlar Koha Öğesi Türü
CHP Kütüphanesi CHP Kütüphanesi 12/08/2016 Bağış   327.73 P64w [2005] 011045 12/08/2016 12/08/2016 Books